000 00652nam a22002297a 4500
005 20170124110034.0
010 _a039387
020 _c00.00
035 _a039387
037 _bCen Lib/Ret
040 _aDPL
_bEN
082 _a372
_bSTU
100 _aSturt, Mary
_922344
245 _aThe education of children under seven /
_cby Mary Sturt
260 _aLondon
_bRoutledge and Kegan Paul
_c1950
270 _aBroadway House : 68-74 Carter Lane E. C. 4
300 _axiii,249p.
_c17cm(Hb)
500 _aIncludes index
650 _aNursery schools
_917442
650 _aChild development
_9895
942 _2ddc
_cEN
_h372
_mSTU
999 _c128078
_d128078